Groundwater Quantity and Quality Management (Record no. 531963)
[ view plain ]
| 000 -LEADER | |
|---|---|
| fixed length control field | 00510nam a22001817a 4500 |
| 003 - CONTROL NUMBER IDENTIFIER | |
| control field | NUST |
| 005 - DATE AND TIME OF LATEST TRANSACTION | |
| control field | 20191105110310.0 |
| 008 - FIXED-LENGTH DATA ELEMENTS--GENERAL INFORMATION | |
| fixed length control field | 191105b ||||| |||| 00| 0 eng d |
| 020 ## - INTERNATIONAL STANDARD BOOK NUMBER | |
| International Standard Book Number | 078441176X |
| 024 ## - OTHER STANDARD IDENTIFIER | |
| Standard number or code | 9780784411766 |
| 038 ## - RECORD CONTENT LICENSOR | |
| Staff Name | MSOHAIL |
| 082 ## - DEWEY DECIMAL CLASSIFICATION NUMBER | |
| Classification number | 0 |
| 100 ## - MAIN ENTRY--PERSONAL NAME | |
| Personal name | ASCE, Mustafa M. Aral, Stewart Warren Taylor |
| 9 (RLIN) | 25167 |
| 245 ## - TITLE STATEMENT | |
| Title | Groundwater Quantity and Quality Management |
| 260 ## - PUBLICATION, DISTRIBUTION, ETC. | |
| Place of publication, distribution, etc. | Virginia |
| Name of publisher, distributor, etc. | American Society of Civil Engineers |
| Date of publication, distribution, etc. | 2011 |
| 300 ## - PHYSICAL DESCRIPTION | |
| Extent | p;573, |
| Other physical details | 25cm |
| Accompanying material | p.b. |
| 942 ## - ADDED ENTRY ELEMENTS (KOHA) | |
| Source of classification or shelving scheme | |
| Koha item type | Book |
| Withdrawn status | Lost status | Source of classification or shelving scheme | Damaged status | Not for loan | Permanent Location | Current Location | Date acquired | Total Checkouts | Barcode | Date last seen | Price effective from | Koha item type |
|---|---|---|---|---|---|---|---|---|---|---|---|---|
| School of Civil and Environmental Engineering (SCEE) | School of Civil and Environmental Engineering (SCEE) | 11/05/2019 | NIT-11878 | 11/05/2019 | 11/05/2019 | Book |
